Biggest Religions in Japan - Statistics

General Stats
  • This quiz has been taken 60 times
  • The average score is 2 of 3
Answer Stats
Hint Answer % Correct
67.2% Buddhism
95%
1.5% Christianity
86%
70.5% Shintoism
68%
No matching quizzes found
Score Distribution
Percent of People with Each Score
Percentile by Number Answered
Your Score History
You have not taken this quiz